|
|
|
|
| LEADER |
00707nab a2200205 i 4500 |
| 001 |
misc27314 |
| 005 |
20191108150058.0 |
| 008 |
170830s1961 hu o 0|| zxx d |
| 040 |
|
|
|a SZTE Miscellanea Repozitórium
|b hun
|
| 041 |
|
|
|a zxx
|
| 100 |
1 |
|
|a Bachrach Dénes
|
| 245 |
1 |
0 |
|a Histophysiological changes of the adrenal cortex of the rat in dehydration and rehydration
|h [elektronikus dokumentum] /
|c Bachrach Dénes
|
| 260 |
|
|
|c 1961
|
| 300 |
|
|
|a 1-9
|
| 490 |
0 |
|
|a Kolligátum
|
| 695 |
|
|
|a Orvostudomány - kórélettan
|
| 700 |
0 |
2 |
|a Szabó B. Éva
|e aut
|
| 700 |
0 |
2 |
|a Baradnay Gyula
|e aut
|
| 700 |
0 |
2 |
|a Korpássy Béla
|e aut
|
| 856 |
4 |
0 |
|u http://misc.bibl.u-szeged.hu/27314/1/020_006_001-009.pdf
|z Dokumentum-elérés
|